| 000 | 00399nam a22001697a 4500 | ||
|---|---|---|---|
| 003 | SGT | ||
| 020 | _a9786206686064 | ||
| 082 |
_a617.601 _bS23K |
||
| 100 | _aKhurana, Charu | ||
| 245 | _aSpecial Care in Dentistry | ||
| 260 |
_aGermany _bLambert Academic Publishing _c2023 |
||
| 300 | _a77 | ||
| 650 | _aDentistry | ||
| 700 | _aTandon, Shourya | ||
| 700 | _aMinocha, Rashmit | ||
| 942 |
_2ddc _cBK |
||
| 999 |
_c26763 _d26763 |
||